LEADER 01176nam a2200265 i 4500 001 000000152442 003 CaOOAMICUS 005 20181029123756.0 008 060808s1909 fr u000 u fre u 013 $a129783 040 $aSeMil$bita 100 1 $aLagrange, Marie-Joseph,$c.$0(OLS)http://semarc/name/3538 245 13$aLe messianisme chez les juifs :$b150 av. J.-C. à 200 ap. J.-C. /$cpar le P. M. J. Lagrange des Frères Prêcheurs. 260 $aParis :$bGabalda,$c1909. 260 $aParis :$bVictor Lecoffre,$c1909. 300 $aVIII, 349 p. ;$c26 cm. 490 0 $aÉtudes Bibliques [Gabalda] 650 4$aMessianesimo - Concezione giudaica.$0(OLS)http://semarc/subject/20687 830 0$aÉtudes bibliques.$0(OLS)http://semarc/title/419576 850 $aSeMil 852 $aSeMil$W1$xVenegono$y1$m2Y IV 53$j104396$B104396$CSeMilBibl$Z2$F113431 $81 996 $6245$aLe messianisme chez les juifs :$b150 av. J.-C. à 200 ap. J.-C.$9(OLS)http://semarc/title/222895 996 $6260$aParis :$bVictor Lecoffre$9(OLS)http://semarc/publisher/31317 996 $6260$aParis :$bGabalda$9(OLS)http://semarc/publisher/29624 LEADER 00999nam a2200241 i 4500 001 000000170178 003 CaOOAMICUS 005 20260304141211.0 008 080313s1933 it u000 u ita u 013 $a147585 040 $aSeMil$bita 100 1 $aPapini, Giovanni,$d<1881-1956>.$0(OLS)http://semarc/name/1547 245 13$aIl sacco dell'orco /$cGiovanni Papini ; prefazione di E. Allodoli. 264 1$aFirenze :$bVallecchi,$c1933. 300 $a281 p., [1] p. di ritratto ;$c16 cm. 490 1 $aLetteratura italiana e straniera ;$v39 700 1 $aAllodoli, Ettore,$d<1882-1960>.$0(OLS)http://semarc/name/47176 830 0$aLetteratura italiana e straniera ;$v39.$0(OLS)http://semarc/title/7415 850 $aSeMil 852 $aSeMil$W1$xVenegono$y1$m1B I 217$j231611$B121074$CSeMilBibl$Z2$F132379 $81 996 $6245$aIl sacco dell'orco$9(OLS)http://semarc/title/243386 996 $6264$aFirenze :$bVallecchi$9(OLS)http://semarc/publisher/29768